ბათუმის შოთა რუსთაველის სახელმწიფო უნივერსიტეტის ბიბლიოთეკა

გამქრალი სამყარო (ბიბ.ჩანაწერი № 44513)

000 -LEADER
fixed length control field 00732nam a2200217Ia 4500
001 - CONTROL NUMBER
control field 11311
003 - CONTROL NUMBER IDENTIFIER
control field GE_BSU
008 - FIXED-LENGTH DATA ELEMENTS--GENERAL INFORMATION
fixed length control field 181216s||||||||xx |||||||||||||| ||und||
040 ## - CATALOGING SOURCE
Transcribing agency GE_BSU
080 ## - UNIVERSAL DECIMAL CLASSIFICATION NUMBER
Universal Decimal Classification number 56
100 ## - MAIN ENTRY--PERSONAL NAME
Personal name აკიმუშკინი, იგორ
245 ## - TITLE STATEMENT
Title გამქრალი სამყარო
245 ## - TITLE STATEMENT
Statement of responsibility, etc. რედ: ნანა ქართველიშვილი, მხატვ. მ. გერმანაშვილი
260 ## - PUBLICATION, DISTRIBUTION, ETC.
Place of publication, distribution, etc. თბილისი
260 ## - PUBLICATION, DISTRIBUTION, ETC.
Name of publisher, distributor, etc. ნაკადული
260 ## - PUBLICATION, DISTRIBUTION, ETC.
Date of publication, distribution, etc. 1989
300 ## - PHYSICAL DESCRIPTION
Extent 198გვ.21სმ.ილ.
653 ## - INDEX TERM--UNCONTROLLED
Uncontrolled term გამქრალი სამყარო
653 ## - INDEX TERM--UNCONTROLLED
Uncontrolled term პალეონტოლოგია
942 ## - ADDED ENTRY ELEMENTS (KOHA)
Koha item type წიგნი
ეგზემპლარები
Withdrawn status Lost status Damaged status Not for loan Date acquired Barcode Date last seen Price effective from Koha item type
        2018-12-17 19700 2018-12-17 2018-12-17 წიგნი